000 00698nam a22001697a 4500
008 090628t xxu||||| |||| 00| 0 eng d
020 _a0408005254
082 _222
_a621.322
_bLYO
245 _a Handbook of Industrial Lighting /
_c Stanley L. Lyons
260 _aLondon :
_b Butterworths,
_c1981
300 _a x,213p. :
_b ill. ;
_c 25cm.
500 _aIncludes index.
650 _97087
_a Industrial buildings
_x-- Lighting
_z-- Great Britain .
650 _97092
_aElectric lighting
_z-- Great Britain
942 _2ddc
_cBB
999 _c12074
_d12074